Normal view MARC view
  • Romero Díaz de la Guardia, José Javier

Entry Nombre Personal

Number of records used in: 1

001 - NUMERO DE CONTROL

  • campo de control: 49122

003 - IDENTIFICADOR DE NUMERO DE CONTROL

  • campo de control: UPN

005 - FECHA Y HORA DE LA ÜLTIMA TRANSACCIÓN

  • campo de control: 20230531144610.0

008 - DATOS DE LONGITUD FIJA

  • campo de control de longitud fija: 230531|| acn||aabn | a|a d

024 7# - OTROS IDENTIFICADORES NORMALIZADOS

  • Fuente: orcid
  • Número normalizado o código: https://orcid.org/0000-0002-2666-1953

040 ## - FUENTE DE CATALOGACIÓN

  • Agencia original de catalogación: MX-MxUPN

100 ## - ENCABEZAMIENTO - NOMBRE PERSONAL

  • Nombre personal: Romero Díaz de la Guardia, José Javier

370 ## - LUGAR ASOCIADO

  • Associated country: España

371 ## - DIRECCIÓN

  • Address: jjromero@ugr.es

373 ## - GRUPO ASOCIADO

  • Associated group: Universidad de Granada. Facultad de Educación. Dpto. Métodos de Investigación y Diagnóstico en Educación
  • Associated group: Grupo de Investigación ITACA

374 ## - OCUPACIÓN

  • Occupation: Profesor - investigador universitario

670 ## - FUENTE EN LA QUE SE LOCALIZARON DATOS

  • Cita de la fuente: En recurso en línea: RED: revista de educación a distancia. Vol. 23, no. 72 (2023)
  • Información localizada: https://revistas.um.es/red/article/view/542261/334431

902 ## - CATALOGADOR

  • Catalogador: Leonor Sotres/310523